The covenant: (Record no. 2016)

MARC details
000 -LEADER
fixed length control field 00505nam a22001817a 4500
005 - DATE AND TIME OF LATEST TRANSACTION
control field 20230328054846.0
008 - FIXED-LENGTH DATA ELEMENTS--GENERAL INFORMATION
fixed length control field 230328b |||||||| |||| 00| 0 eng d
020 ## - INTERNATIONAL STANDARD BOOK NUMBER
International Standard Book Number 0-449-24474-1
082 ## - DEWEY DECIMAL CLASSIFICATION NUMBER
Classification number Fic. M623 1980
100 ## - MAIN ENTRY--PERSONAL NAME
Personal name Michener, James A.
Relator term author
245 ## - TITLE STATEMENT
Title The covenant:
Remainder of title a novel /
Statement of responsibility, etc. James A. Michener
260 ## - PUBLICATION, DISTRIBUTION, ETC.
Place of publication, distribution, etc. New York:
Name of publisher, distributor, etc. Fawcett Crest,
Date of publication, distribution, etc. c1980
300 ## - PHYSICAL DESCRIPTION
Extent 1238p.
541 ## - IMMEDIATE SOURCE OF ACQUISITION NOTE
Accession number 5474
650 ## - SUBJECT ADDED ENTRY--TOPICAL TERM
Topical term or geographic name entry element South Africa - History - Fiction
650 ## - SUBJECT ADDED ENTRY--TOPICAL TERM
Topical term or geographic name entry element Heroism - Fiction
650 ## - SUBJECT ADDED ENTRY--TOPICAL TERM
Topical term or geographic name entry element War - Fiction
Holdings
Withdrawn status Lost status Source of classification or shelving scheme Damaged status Not for loan Home library Current library Date acquired Total Checkouts Full call number Barcode Date last seen Copy number Price effective from Koha item type
    Dewey Decimal Classification     ctu-moalboal ctu-moalboal 12/03/2018   Fic. M623 1980 5474 03/28/2023 1 03/28/2023 Books-Fiction